000 00551nam a2200229 a 4500
001 nice12345678
003 IN_TiNIC
005 20260116015355.0
008 110420s2006 nj,a grp 000 0 eng
020 _a9781597840453
_c100
082 0 0 _a297.211
_bNUR3
100 _aNursi, Said
245 _aReflections on the Divine
260 _aNJ, USA
_bLight
_c2006
500 _aincludes index and biblioraphy
505 2 _a135pIndex
650 _aTheology-God
700 1 _aNursi, Said
902 _bSRS
942 _cBK
999 _c19432
_d19432